Results

Below are the most and least guessed answers to the given questions, as well as how your score stacks up against everyone else who took this quiz.
Play Again

The Law in the Movies Quiz has been played 612 times (0 today)
Actor(s) Movie % Correct
Jack Nicholson and
Tom Cruise
A Few Good Men
90.7%
Gregory Peck as Atticus FinchTo Kill a Mockingbird
88.6%
Reese Witherspoon as
Elle Woods
Legally Blonde
87.7%
Joe Pesci as Vincent GambiniMy Cousin Vinny
78.6%
Henry Fonda as Juror #812 Angry Men
76.3%
Tom Hanks and
Denzel Washington
Philadelphia
76.3%
Dustin Hoffman and
Meryl Streep
Kramer vs. Kramer
69.9%
Julia Roberts in the Title RoleErin Brockovich
68%
Matthew McConaughey as Mick HallerThe Lincoln Lawyer
59.8%
Tom Cruise as Mitch McDeereThe Firm
59.3%
Matthew McConaughey as Jake Tyler BriganceA Time to Kill
49.5%
Richard Gere as Billy FlynnChicago
39.7%
Actor(s) Movie % Correct
Anthony Hopkins as
John Quincy Adams
Amistad
37.3%
Jodie Foster and
Kelly McGillis
The Accused
33.7%
Paul Newman as Frank GalvinThe Verdict
28.1%
Dustin Hoffman as
Wendell Rohr
Runaway Jury
27.8%
Richard Gere as Martin VailPrimal Fear
25%
Spencer Tracy as
Henry Drummond
Inherit the Wind
22.4%
Harrison Ford as Rusty SabichPresumed Innocent
22.4%
Al Pacino as Arthur KirklandAnd Justice for All
19.8%
Jeremy Irons as
Claus von Bulow
Reversal of Fortune
19.3%
Jimmy Stewart and
George C. Scott
Anatomy of a Murder
15.4%
Charles Laughton as
Sir Wilfrid
Witness for the Prosecution
15.2%
Spencer Tracy and
Burt Lancaster
Judgement at Nuremberg
14.2%
 
Number % Answered
24 (all)
1.6%
21-23
5.9%
18-20
8%
15-17
10.6%
12-14
18.6%
9-11
22.5%
6-8
16.3%
3-5
11.3%
1-2
5.1%

You might also like these games:
Best Picture Oscar Winners (1970-)Best Picture Oscar Winners (1928-1969)Boy Scout Law
There are 6 comments for this game.
(Warning: comments may contain spoilers)

The Law in the Movies Quiz

  1. by bowsntoys
  • Created Feb 22, 2012 in Movies
  • Game Plays 612

Remember, Sporcle is now...

Friend Scores and Standings

Loading friend results....